| 000 | 00000nam 2200000zi 4500 |
| 001 | 9.867515 |
| 003 | CaOODSP |
| 005 | 20221107162331 |
| 006 | m o d f |
| 007 | cr ||||||||||| |
| 008 | 190123t20192019oncd #obs f000 0 eng d |
| 020 | |a9780660293738 |
| 040 | |aCaOODSP|beng|erda|cCaOODSP |
| 043 | |an-cn--- |
| 086 | 1 |aCS75-004/2019-1E-PDF |
| 100 | 1 |aBourbeau, Emmanuelle, |eauthor. |
| 245 | 10|aLabour market dynamics since the 2008/2009 recession / |cby Emmanuelle Bourbeau. |
| 264 | 1|a[Ottawa] : |bStatistics Canada, |c2019. |
| 264 | 4|c©2019 |
| 300 | |a1 online resource (23 pages) : |bgraphs. |
| 336 | |atext|btxt|2rdacontent |
| 337 | |acomputer|bc|2rdamedia |
| 338 | |aonline resource|bcr|2rdacarrier |
| 490 | 1 |aLabour statistics : research papers ; |v2019001 |
| 500 | |aTitle from cover. |
| 500 | |a"Release date: January 29, 2019." |
| 500 | |aIssued also in HTML format. |
| 500 | |aIssued also in French under title: La dynamique du marché du travail depuis la récession 2008-2009. |
| 504 | |aIncludes bibliographical references. |
| 520 | |a"This analysis uses data from the Labour Force Survey in order to observe Canadian labour market dynamics since the 2008/2009 recession. In order to do this, gross flow data were created using a different method than what has been done before for Canadian data"--Summary, page 4. |
| 692 | 07|2gccst|aLabour market |
| 692 | 07|2gccst|aMarket analysis |
| 692 | 07|2gccst|aStatistics |
| 710 | 2 |aStatistics Canada. |
| 775 | 08|tLa dynamique du marché du travail depuis la récession 2008-2009 / |w(CaOODSP)9.867516 |
| 830 | #0|aLabour statistics ;|v2019001.|w(CaOODSP)9.507313 |
| 856 | 40|qPDF|s668 KB|uhttps://publications.gc.ca/collections/collection_2019/statcan/75-004-m/75-004-m2019001-eng.pdf |
| 856 | 4 |qHTML|sN/A|uhttps://www150.statcan.gc.ca/n1/pub/75-004-m/75-004-m2019001-eng.htm |
| 986 | |a75-004-M-2019001 |